000 00829nam a22002297a 4500
003 OSt
005 20260124092151.0
008 230710b ||||| |||| 00| 0 eng d
040 _cSSBUL
041 _ashan
082 _a170
100 _aၵေႇလႃႇသ
_cၸဝ်ႈသြႃႇ၊ ဢူး
_927712
245 _aၵႂၢမ်းလေႃးၵၼီႇတိ /
_cၸဝ်ႈသြႃႇဢူးၵေႇလႃႇသ
260 _c2014
300 _a344 ၼႃႈ
_c14 ၸိၼ်ႇထီႇ
500 _aS-SAT: Dr. Prof Sai Aung Tun
500 _aပပ်ႉၸဝ်ႈတႃႇၼႁင်းၶေႃတွၵ်ႉတိူဝ်ႇၸၢႆးဢွင်ႇထုၼ်းလူႇတၢၼ်းဝႆႉ
650 _aၼီႇတိ
_927713
942 _cBK1
942 _2ddc
942 _2ddc
999 _c27005
_d27005